| 000 | 00388nam a22001697a 4500 | ||
|---|---|---|---|
| 005 | 20190330120234.0 | ||
| 008 | 190330b xxu||||| |||| 00| 0 eng d | ||
| 020 | _a9789386819932 | ||
| 041 | _aeng | ||
| 082 | _a621.31 | ||
| 100 |
_aMurthy,P S R _94922 |
||
| 245 | _aPower System Analysis | ||
| 250 | _a3rd | ||
| 260 |
_aHyderabad _bBS Publication _c2019 |
||
| 300 | _a422 | ||
| 942 | _cBK | ||
| 999 |
_c5795 _d5793 |
||